[Event "Arber op 2nd"]
[Site "Bayerisch Eisenstein"]
[Date "2013.07.06"]
[Round "8"]
[White "Strasser, Josef"]
[Black "Sauer, Eric"]
[Result "1/2-1/2"]
[WhiteElo "1903"]
[BlackElo "1901"]
[PlyCount "51"]
[EventDate "2013.06.29"]
[EventType "swiss"]
[EventRounds "9"]
[EventCountry "GER"]
[SourceTitle "CBM 155 Extra"]
[Source "ChessBase"]
[SourceDate "2013.08.26"]
[SourceVersion "1"]
[SourceVersionDate "2013.08.26"]
[SourceQuality "1"]

1. e4 c5 2. Nf3 Nc6 3. Bb5 e6 4. 0-0 Nge7 5. c3 a6 6. Bxc6 Nxc6 7. d4 cxd4 8. cxd4 d6 9. Nc3 Be7 10. Bf4 0-0 11. Qd2 f6 12. d5 Ne5 13. Nd4 Re8 14. dxe6 Bf8 15. Nd5 Bxe6 16. Nxe6 Rxe6 17. Rac1 Nc6 18. f3 Rc8 19. Rc2 Na7 20. Rfc1 Rxc2 21. Rxc2 Nc6 22. Be3 Re8 23. Bb6 Qd7 24. Rc1 Rc8 25. b3 Ne7 26. Be3 1/2-1/2

[Event "Arber op 2nd"]
[Site "Bayerisch Eisenstein"]
[Date "2013.07.03"]
[Round "5"]
[White "Sauer, Eric"]
[Black "Schleich, Theodor"]
[Result "1/2-1/2"]
[WhiteElo "1901"]
[BlackElo "2082"]
[PlyCount "43"]
[EventDate "2013.06.29"]
[EventType "swiss"]
[EventRounds "9"]
[EventCountry "GER"]
[SourceTitle "CBM 155 Extra"]
[Source "ChessBase"]
[SourceDate "2013.08.26"]
[SourceVersion "1"]
[SourceVersionDate "2013.08.26"]
[SourceQuality "1"]

1. d4 e6 2. c4 b6 3. a3 Bb7 4. Nc3 f5 5. d5 Nf6 6. g3 Na6 7. Bg2 Nc5 8. Nh3 Bd6 9. 0-0 Be5 10. Qc2 0-0 11. Rd1 Qe8 12. Be3 Nce4 13. Nxe4 Nxe4 14. Bxe4 fxe4 15. Ng5 exd5 16. cxd5 h6 17. Nxe4 Bxb2 18. Qxb2 Qxe4 19. Qd4 Qg6 20. Qc4 Qf7 21. Rac1 Rae8 22. d6 1/2-1/2

[Event "Arber op 2nd"]
[Site "Bayerisch Eisenstein"]
[Date "2013.06.30"]
[Round "2"]
[White "Rausis, Igors"]
[Black "Sauer, Eric"]
[Result "1-0"]
[WhiteElo "2532"]
[BlackElo "1901"]
[PlyCount "105"]
[EventDate "2013.06.29"]
[EventType "swiss"]
[EventRounds "9"]
[EventCountry "GER"]
[SourceTitle "CBM 155 Extra"]
[Source "ChessBase"]
[SourceDate "2013.08.26"]
[SourceVersion "1"]
[SourceVersionDate "2013.08.26"]
[SourceQuality "1"]

1. e4 c5 2. Nf3 Nc6 3. Bb5 e6 4. b3 Nge7 5. Bb2 a6 6. Bxc6 Nxc6 7. c4 d6 8. d4 cxd4 9. Nxd4 e5 10. Nxc6 bxc6 11. 0-0 Be6 12. c5 f6 13. cxd6 Bxd6 14. Qc2 Qb6 15. Rc1 Rc8 16. Ba3 Bxa3 17. Nxa3 0-0 18. Nc4 Bxc4 19. Qxc4+ Kh8 20. Qc5 Qxc5 21. Rxc5 Rfd8 22. Rac1 Kg8 23. h4 Rd6 24. Ra5 Ra8 25. Rc4 Kf7 26. Rca4 Rd1+ 27. Kh2 Rd4 28. Rxd4 exd4 29. Kg1 Ke6 30. Kf1 Kd6 31. Ke2 Kc7 32. Kd3 Kb6 33. b4 Rd8 34. f4 Rd7 35. g4 h6 36. h5 Rd8 37. a4 Rd6 38. e5 fxe5 39. fxe5 Rd8 40. e6 Re8 41. Re5 Kc7 42. Kxd4 Kd6 43. e7 Kd7 44. Kc5 Kc7 45. Re4 Kd7 46. Kb6 Kd6 47. Rd4+ Ke5 48. Rd1 Kf6 49. Re1 Kg5 50. Kxc6 Kxg4 51. Kd7 Rxe7+ 52. Rxe7 Kxh5 53. Rxg7 1-0

[Event "Siebenlehn op 13th"]
[Site "Siebenlehn"]
[Date "2012.12.27"]
[Round "2"]
[White "Eperjesi, Laszlo"]
[Black "Sauer, Eric"]
[Result "1-0"]
[WhiteElo "2187"]
[BlackElo "1897"]
[PlyCount "59"]
[EventDate "2012.12.27"]
[EventType "swiss"]
[EventRounds "7"]
[EventCountry "GER"]
[SourceTitle "EXT 2014"]
[Source "ChessBase"]
[SourceDate "2013.11.20"]
[SourceVersion "1"]
[SourceVersionDate "2013.11.20"]
[SourceQuality "1"]

1. d4 Nf6 2. c4 g6 3. Nc3 d5 4. cxd5 Nxd5 5. e4 Nxc3 6. bxc3 Bg7 7. Bg5 c5 8. Rc1 h6 9. Be3 Qa5 10. Qd2 cxd4 11. cxd4 Qxd2+ 12. Kxd2 0-0 13. Bb5 Rd8 14. Ne2 a6 15. Ba4 Nc6 16. Bxc6 bxc6 17. Rhd1 Bb7 18. Ke1 Rd7 19. f3 Rad8 20. Rb1 Kh7 21. Rd2 e6 22. Rdb2 Bc8 23. Rb6 e5 24. dxe5 Bxe5 25. f4 Bc7 26. Rxc6 Ba5+ 27. Kf2 Bb7 28. Rc4 Re8 29. e5 Rc8 30. Rxb7 1-0

[Event "Magdeburg op 20th"]
[Site "Magdeburg"]
[Date "2012.10.27"]
[Round "1"]
[White "Sauer, Eric"]
[Black "Meister, Jakob"]
[Result "0-1"]
[WhiteElo "1817"]
[BlackElo "2484"]
[PlyCount "67"]
[EventDate "2012.10.27"]
[EventType "swiss"]
[EventRounds "7"]
[EventCountry "GER"]
[SourceTitle "EXT 2015"]
[Source "ChessBase"]
[SourceDate "2014.11.20"]
[SourceVersion "1"]
[SourceVersionDate "2014.11.20"]
[SourceQuality "1"]

1. d4 Nf6 2. c4 d6 3. Nf3 Nbd7 4. Nc3 c6 5. e4 e5 6. d5 Be7 7. Be2 0-0 8. 0-0 Ne8 9. b4 c5 10. Ba3 b6 11. bxc5 bxc5 12. Nd2 g6 13. Nb3 f5 14. Bc1 Ng7 15. Bh6 Bg5 16. Bxg7 Kxg7 17. a4 Nf6 18. Bd3 Rf7 19. a5 Rb8 20. Qc2 Ng4 21. h3 Nh6 22. a6 fxe4 23. Nxe4 Nf5 24. Nxg5 Qxg5 25. Be4 Rb6 26. Qd2 Qh4 27. Bxf5 gxf5 28. Qc3 f4 29. Nd2 Bf5 30. Nf3 Qf6 31. Nd2 Qg6 32. Kh2 Kh6 33. Qf3 Rb2 34. Nb1 0-1

[Event "Dresden ZMD op-B 21st"]
[Site "Dresden"]
[Date "2012.08.25"]
[Round "8"]
[White "Kosovska, Olena"]
[Black "Sauer, Eric"]
[Result "0-1"]
[WhiteElo "1765"]
[BlackElo "1697"]
[PlyCount "140"]
[EventDate "2012.08.18"]
[EventType "swiss"]
[EventRounds "9"]
[EventCountry "GER"]
[SourceTitle "CBM 150 Extra"]
[Source "ChessBase"]
[SourceDate "2012.10.19"]
[SourceVersion "1"]
[SourceVersionDate "2012.10.19"]
[SourceQuality "1"]

1. c4 Nf6 2. Nc3 d5 3. cxd5 Nxd5 4. g3 g6 5. Bg2 Nxc3 6. bxc3 Bg7 7. Rb1 Nc6 8. Qa4 Qd7 9. Nf3 0-0 10. 0-0 Ne5 11. Qb3 Nc6 12. d4 b6 13. e4 Bb7 14. e5 Na5 15. Qb4 Rac8 16. Be3 Bd5 17. a4 Nc4 18. Nd2 Bxg2 19. Kxg2 Nxe3+ 20. fxe3 Bxe5 21. Rf2 c5 22. Qb3 cxd4 23. cxd4 Bg7 24. Rbf1 e6 25. Kg1 Qd5 26. Qb5 Qxb5 27. axb5 f5 28. Ra1 Rc3 29. Re2 Rf7 30. Kf2 Rc2 31. Nf3 Rxe2+ 32. Kxe2 h6 33. Nd2 Rc7 34. Kd3 e5 35. Nf3 exd4 36. Nxd4 Bxd4 37. Kxd4 Kf7 38. Ra2 Ke6 39. e4 fxe4 40. Kxe4 Rc4+ 41. Kd3 Rb4 42. Rxa7 Rxb5 43. Rg7 Kf6 44. Rc7 h5 45. Rc6+ Kg5 46. Rc4 Rb2 47. h4+ Kh6 48. g4 hxg4 49. Rxg4 Rb1 50. Re4 Kh5 51. Re6 b5 52. Rb6 Rf1 53. Rxb5+ Kxh4 54. Ke2 Rf8 55. Rb3 g5 56. Rb7 g4 57. Rh7+ Kg3 58. Rg7 Kh3 59. Rh7+ Kg2 60. Rg7 g3 61. Rg6 Kh2 62. Rh6+ Kg1 63. Rg6 g2 64. Rg7 Re8+ 65. Kd2 Re5 66. Rh7 Kf2 67. Rf7+ Kg3 68. Rg7+ Kf3 69. Rg8 Re4 70. Rf8+ Kg3 0-1

[Event "Dresden ZMD op-B 21st"]
[Site "Dresden"]
[Date "2012.08.22"]
[Round "5"]
[White "Sauer, Eric"]
[Black "Hartig, Uwe"]
[Result "0-1"]
[WhiteElo "1697"]
[BlackElo "1816"]
[PlyCount "124"]
[EventDate "2012.08.18"]
[EventType "swiss"]
[EventRounds "9"]
[EventCountry "GER"]
[SourceTitle "CBM 150 Extra"]
[Source "ChessBase"]
[SourceDate "2012.10.19"]
[SourceVersion "1"]
[SourceVersionDate "2012.10.19"]
[SourceQuality "1"]

1. d4 d6 2. Nf3 Bg4 3. e3 Nd7 4. Be2 e5 5. c4 c6 6. Nc3 Ngf6 7. e4 Be7 8. d5 cxd5 9. cxd5 0-0 10. Be3 Qa5 11. 0-0 Nc5 12. Qd2 Bd8 13. Bxc5 Qxc5 14. Rac1 a6 15. a3 Qa7 16. h3 Bh5 17. Qd3 Nd7 18. b4 h6 19. Nd2 Bg6 20. Nb3 f5 21. Bf3 f4 22. Bg4 Nf6 23. Be6+ Kh8 24. Nd2 Bh5 25. Na4 Be8 26. Nb2 Bb6 27. Nbc4 Bb5 28. Qf3 Bd4 29. Nb3 Rfd8 30. Rfe1 Be8 31. Rf1 Bh5 32. Qd3 Bg6 33. Rce1 Bb6 34. Nxb6 Qxb6 35. Nd2 Be8 36. Rc1 Bb5 37. Nc4 Qa7 38. Rc3 Qd4 39. Qxd4 exd4 40. Rcc1 Nxe4 41. Rfe1 Nc3 42. Nb6 Ne2+ 43. Rxe2 Bxe2 44. Nxa8 Rxa8 45. Rc2 d3 46. Rd2 g6 47. f3 Kg7 48. Kf2 Kf6 49. Rb2 Ke5 50. a4 b6 51. Ke1 Kd4 52. Kd2 Ra7 53. a5 b5 54. Bg8 Rc7 55. Be6 Rc3 56. h4 Kc4 57. Bf7 g5 58. hxg5 hxg5 59. Bg6 Rb3 60. Bxd3+ Bxd3 61. Rxb3 Kxb3 62. Kxd3 Kxb4 0-1